[Event "34th Olympiad"]
[Site "Istanbul TUR"]
[Date "2000.10.28"]
[Round "1"]
[White "Sarsam,S"]
[Black "Nikolic,Pr"]
[Result "1/2-1/2"]
[WhiteElo "2423"]
[BlackElo "2657"]

1.e4 e6 2.d4 d5 3.exd5 exd5 4.Bd3 Nc6 5.c3 Bd6 6.h3 Nf6 7.Qf3 Ne4 8.Bf4 O-O
9.Ne2 f5 10.Nd2 Ne7 11.h4 c5 12.Bxd6 Qxd6 13.dxc5 Nxc5 14.Nb3 Ne4 15.Nf4 Bd7
16.g3 a5 17.Nd4 a4 18.Bxe4 fxe4 19.Qe3 Bg4 20.O-O Nf5 21.Nxf5 Rxf5 22.c4 dxc4
23.Qxe4 Rc5 24.Rfe1 Rb8 25.Rac1 b5 26.f3 Bf5 27.Qe3 Qc6 28.Kf2 b4 29.Qd4 Rc8
30.g4 Qd7 31.Rcd1 Qxd4+ 32.Rxd4 Bg6 33.Nd5 Rb8 34.Ne7+ Kf8 35.Nxg6+ hxg6
36.Rd7 Re8 37.Rc1 c3 38.bxc3 bxc3 39.Rc2 Rc4 40.Rd3 Rec8 41.Ke3 Re8+  1/2-1/2

[Event "34th Olympiad"]
[Site "Istanbul TUR"]
[Date "2000.10.29"]
[Round "2"]
[White "Nikolic,Pr"]
[Black "Damljanovic,B"]
[Result "1-0"]
[WhiteElo "2657"]
[BlackElo "2559"]

1.d4 Nf6 2.Nf3 g6 3.g3 Bg7 4.Bg2 O-O 5.c4 d6 6.O-O c6 7.Nc3 Qa5 8.e4 Bg4
9.Qb3 Nbd7 10.Be3 Rab8 11.Nd2 e5 12.d5 Nb6 13.a3 Bd7 14.h3 c5 15.Qc2 Qa6
16.Rfb1 Na4 17.Na2 b5 18.Bf1 Rfc8 19.b3 Nb6 20.Nc3 bxc4 21.bxc4 Na4 22.Nb5 Ne8
23.g4 Rb7 24.Nb3 Nc7 25.Bd2 Rxb5 26.cxb5 Bxb5 27.Na5 Bxf1 28.Rxf1 Nb6 29.a4 Re8
30.Ra3 Kh8 31.g5 Kg8 32.Rb1 f6 33.gxf6 Bxf6 34.Qd3 c4 35.Qe2 Rf8 36.Rc1 Bh4
37.Rf3 Rc8 38.Nxc4 Ne8 39.Rfc3 Nxa4 40.R3c2 h5 41.Be3 Rb8 42.Qd3 Qb5 43.Qa3 Qd7
44.Kg2 Nb6 45.Qa6 Bd8 46.Nxb6 Bxb6 47.Bxb6 axb6 48.Rc8 Rxc8 49.Qxc8 Qe7 50.Rc3 Kg7
51.Kf1 Kg8  1-0

[Event "34th Olympiad"]
[Site "Istanbul TUR"]
[Date "2000.10.29"]
[Round "2"]
[White "Nikolic,Pr"]
[Black "Damljanovic,B"]
[Result "1-0"]
[WhiteElo "2657"]
[BlackElo "2559"]

1.d4 Nf6 2.Nf3 g6 3.g3 Bg7 4.Bg2 O-O 5.c4 d6 6.O-O c6 7.Nc3 Qa5 8.e4 Bg4
9.Qb3 Nbd7 10.Be3 Rab8 11.Nd2 e5 12.d5 Nb6 13.a3 Bd7 14.h3 c5 15.Qc2 Qa6
16.Rfb1 Na4 17.Na2 b5 18.Bf1 Rfc8 19.b3 Nb6 20.Nc3 bxc4 21.bxc4 Na4 22.Nb5 Ne8
23.g4 Rb7 24.Nb3 Nc7 25.Bd2 Bxb5 26.Na5 Nb6 27.a4 Re8 28.Ra3 Kh8 29.g5 Kg8
30.Rd1 f6 31.Rb1 Rf8 32.gxf6 Bxf6 33.Rc1 Bh4 34.Rf3 Rc8 35.Rc3 Bxc4 36.Nxc4 Ne8
37.Be3 Nxa4 38.Kg2 Rbb8 39.Nb6 axb6  1-0

[Event "34th Olympiad"]
[Site "Istanbul TUR"]
[Date "2000.10.30"]
[Round "3"]
[White "Annageldyev,O"]
[Black "Nikolic,Pr"]
[Result "1-0"]
[WhiteElo "2491"]
[BlackElo "2657"]

1.e4 e6 2.d4 d5 3.Nc3 Bb4 4.exd5 exd5 5.Bd3 Nc6 6.a3 Bxc3+ 7.bxc3 Qf6 8.Qh5 Nge7
9.Bg5 Qe6+ 10.Ne2 Qg4 11.Ng3 h6 12.Bxe7 Nxe7 13.O-O Qxh5 14.Nxh5 O-O 15.Rae1 Re8
16.Re3 Kf8 17.Rfe1 Be6 18.f4 g6 19.Nf6 Red8 20.g4 Rd6 21.g5 Kg7 22.h4 hxg5
23.hxg5 Ng8 24.f5 gxf5 25.Nh5+ Kg6 26.Rh3 Bd7 27.Kf2 Re8 28.Nf4+ Kg7 29.Reh1 b6
30.c4 dxc4 31.Bxc4 Kf8 32.Rh7 Re7 33.Nd5 Be6 34.Nxe7 Nxe7 35.Bxe6 Rxe6 36.Rh8+ Ng8
37.R1h6 Re4 38.c3 c5 39.d5 c4 40.g6 Rg4 41.d6  1-0

[Event "34th Olympiad"]
[Site "Istanbul TUR"]
[Date "2000.10.31"]
[Round "4"]
[White "Nikolic,Pr"]
[Black "Moldobaev,E"]
[Result "1/2-1/2"]
[WhiteElo "2657"]
[BlackElo "2404"]

1.d4 Nf6 2.c4 g6 3.g3 Bg7 4.Bg2 c5 5.d5 O-O 6.Nf3 d6 7.O-O e6 8.dxe6 Bxe6
9.Ng5 Bxc4 10.Bxb7 Nbd7 11.Na3 Rb8 12.Nxc4 Rxb7 13.Qxd6 Nb6 14.Qxd8 Rxd8
15.Na5 Rbd7 16.Rb1 c4 17.Nf3 Ne4 18.Be3 Rc8 19.Rfc1 c3 20.bxc3 Nxc3 21.Rb2 Nbd5
22.Kf1 Nxe3+ 23.fxe3 Bh6 24.Rb7 Rd1+ 25.Rxd1 Nxd1 26.Nb3 Nxe3+ 27.Kf2 Ng4+
28.Ke1 Be3 29.h3 Nf6 30.Ne5 Rc2 31.Rxf7 Ne4 32.Rf3 Rb2 33.Kf1 Bb6 34.Nc4 Rxa2
35.Nxb6 axb6 36.Re3 Ra3  1/2-1/2

[Event "34th Olympiad"]
[Site "Istanbul TUR"]
[Date "2000.11.02"]
[Round "6"]
[White "Nikolic,Pr"]
[Black "Papaioannou,I"]
[Result "1/2-1/2"]
[WhiteElo "2657"]
[BlackElo "2578"]

1.Nf3 Nf6 2.c4 c5 3.g3 b6 4.Bg2 Bb7 5.O-O e6 6.Nc3 Be7 7.d4 cxd4 8.Qxd4 d6
9.b3 Nbd7 10.Bb2 a6 11.Rfd1 Qc7 12.Ng5 Bxg2 13.Kxg2 O-O 14.f3 Rfd8 15.Rac1 Qb7
16.Nge4 Ne8 17.Ba3 Nf8 18.Qd3 Ng6 19.Bb2 f5 20.Nf2 Bg5 21.Ra1 Ne5 22.Qc2 b5
23.e4 Nf6 24.cxb5 axb5 25.Qe2 b4 26.Nb5 fxe4 27.fxe4 Nf7 28.h4 Bh6 29.Rd4 e5
30.Rxb4 d5 31.a3 dxe4 32.Nc3 Qc6 33.Rc4 Qb7 34.Rb4 Qc6 35.Rc4 Qb7  1/2-1/2

[Event "34th Olympiad"]
[Site "Istanbul TUR"]
[Date "2000.11.04"]
[Round "7"]
[White "Nikolic,Pr"]
[Black "Rowson,J"]
[Result "1-0"]
[WhiteElo "2657"]
[BlackElo "2494"]

1.d4 Nf6 2.Nf3 g6 3.g3 Bg7 4.Bg2 d5 5.O-O O-O 6.c4 dxc4 7.Na3 Nc6 8.Nxc4 Be6
9.b3 Bd5 10.Ba3 a5 11.Rc1 Nb4 12.Qd2 Ne4 13.Qb2 c6 14.Rfd1 Nd6 15.Nxd6 exd6
16.Qd2 Re8 17.e3 Na6 18.Ne1 Bxg2 19.Kxg2 Nc7 20.Nd3 a4 21.Bb2 axb3 22.axb3 Qg5
23.b4 h5 24.Qe2 Ra2 25.Ra1 Rea8 26.Rxa2 Rxa2 27.Qc2 Qf5 28.Qb3 Ra8 29.f3 Nd5
30.Nf2 Qe6 31.Rd3 Ra2 32.e4 Rxb2 33.Qxb2 Nb6 34.Qc1 Qe7 35.h4 Nd7 36.Qa3 d5
37.Qa5 dxe4 38.fxe4 Nf6 39.e5 Nd5 40.Rb3 g5 41.Qa8+ Bf8 42.Qc8 gxh4 43.Qf5 Bh6
44.Ne4 Qd8 45.Nd6  1-0

[Event "34th Olympiad"]
[Site "Istanbul TUR"]
[Date "2000.11.06"]
[Round "9"]
[White "Nikolic,Pr"]
[Black "Van Wely,L"]
[Result "1/2-1/2"]
[WhiteElo "2657"]
[BlackElo "2643"]

1.Nf3 d5 2.d4 Nf6 3.c4 c6 4.e3 Bf5 5.cxd5 cxd5 6.Qb3 Qc7 7.Bd2 Nc6 8.Bb5 e6
9.Bb4 Bxb4+ 10.Qxb4 Qd7 11.Qa3  1/2-1/2

[Event "34th Olympiad"]
[Site "Istanbul TUR"]
[Date "2000.11.07"]
[Round "10"]
[White "Korchnoi,V"]
[Black "Nikolic,Pr"]
[Result "1/2-1/2"]
[WhiteElo "2620"]
[BlackElo "2657"]

1.Nf3 Nf6 2.c4 e6 3.Nc3 d5 4.d4 Nbd7 5.e3 a6 6.b3 Bb4 7.Bb2 Ne4 8.Rc1 b6
9.cxd5 exd5 10.Bd3 Bb7 11.O-O Bd6 12.Ne2 Qe7 13.Ng3 Nxg3 14.hxg3 O-O 15.Qe2 Rfe8
16.Rc2 Nf6 17.Rfc1 Qe6 18.Ne5 c5 19.Nf3 Ne4 20.dxc5 bxc5 21.Bxe4 dxe4 22.Ng5 Qf5
23.Nh3 a5 24.Qd1 Red8 25.Rd2 Be7 26.Nf4 a4 27.bxa4 Rxd2 28.Qxd2 Rxa4 29.Bxg7 Kxg7
30.Qb2+ Bf6 31.Qxb7 Rxa2 32.Rxc5 Qg4 33.Rc7 Qd1+ 34.Kh2 Ra1 35.Rxf7+ Kg8
36.Rg7+ Bxg7 37.Qc8+ Kf7 38.Qe6+ Kf8 39.Qc8+ Ke7 40.Qe6+ Kf8  1/2-1/2

[Event "34th Olympiad"]
[Site "Istanbul TUR"]
[Date "2000.11.10"]
[Round "13"]
[White "Jussupow,A"]
[Black "Nikolic,Pr"]
[Result "1/2-1/2"]
[WhiteElo "2610"]
[BlackElo "2657"]

1.d4 d5 2.Nf3 c6 3.c4 Nf6 4.e3 Bf5 5.Bd3 Bxd3 6.Qxd3 e6 7.O-O Nbd7 8.Nc3 Bb4
9.Bd2 a5 10.a3 Bxc3 11.Bxc3 Ne4 12.Nd2 f5 13.f3 Nxd2 14.Bxd2 O-O 15.a4 Nf6
16.Rab1  1/2-1/2

[Event "34th Olympiad"]
[Site "Istanbul TUR"]
[Date "2000.11.12"]
[Round "14"]
[White "Nikolic,Pr"]
[Black "Ivanchuk,V"]
[Result "1/2-1/2"]
[WhiteElo "2657"]
[BlackElo "2719"]

1.d4 Nf6 2.c4 e6 3.Nf3 c5 4.d5 d6 5.Nc3 exd5 6.cxd5 g6 7.g3 Bg7 8.Bg2 O-O
9.O-O Re8 10.Nd2 Nbd7 11.a4 a6 12.a5 Rb8 13.Nc4 Ne5 14.Nb6 Ned7 15.Nc4 Ne5
16.Nb6 Ned7 17.Nc4  1/2-1/2

[Event "Bundesliga 2000-1"]
[Site "Gelsenkirchen GER"]
[Date "2000.12.09"]
[Round "3"]
[White "Nikolic,Pr"]
[Black "David,Alb"]
[Result "1-0"]
[WhiteElo "2657"]
[BlackElo "2487"]

1.d4 Nf6 2.c4 g6 3.Nf3 Bg7 4.g3 d5 5.cxd5 Nxd5 6.Bg2 Nb6 7.Nc3 Nc6 8.e3 O-O
9.O-O Re8 10.d5 Na5 11.Nd4 Bd7 12.a4 Rc8 13.Nb3 Nxb3 14.Qxb3 c6 15.a5 Nxd5
16.Nxd5 cxd5 17.Bxd5 e6 18.Bxb7 Rb8 19.a6 Bc6 20.e4 Bxb7 21.axb7 Qb6 22.Qxb6 axb6
23.Ra7 Bd4 24.Rd1 e5 25.Rxd4 exd4 26.Bf4 d3 27.Bxb8 d2 28.Ra1 Rxb8 29.Rd1 Kf8
30.Rxd2 Ke7 31.Kg2 Rxb7 32.Rd5 h5 33.Kf3 Rc7 34.h4 Rc2 35.Rb5 Rc6 36.Ke3 Ke6
37.f4 Ke7 38.f5 gxf5 39.Rxf5 Rg6 40.Rg5 Rh6 41.b4 Kd7 42.Kf4 Ke7 43.g4 hxg4
44.Kxg4 Rc6 45.Rb5 Rc1 46.h5 Rg1+ 47.Kf4 Rh1 48.Ke3 f6 49.Kd4 Rh4 50.Ke3 Rh3+
51.Kf4 Rh4+ 52.Kf3 Rh1 53.e5 fxe5 54.Rxe5+ Kf7 55.Kg4 Kg7 56.Re6 Rg1+ 57.Kf3 b5
58.Re5 Kh6 59.Ke2 Rg4 60.Rxb5 Rd4 61.Ke3 Rh4 62.Kd3  1-0

[Event "Bundesliga 2000-1"]
[Site "Gelsenkirchen GER"]
[Date "2001.01.07"]
[Round "5"]
[White "Kishnev,S"]
[Black "Nikolic,Pr"]
[Result "1/2-1/2"]
[WhiteElo "2495"]
[BlackElo "2657"]

1.d4 Nf6 2.c4 e6 3.Nc3 d5 4.cxd5 exd5 5.Bg5 c6 6.e3 Be7 7.Bd3 Nbd7 8.Qc2 Nh5
9.Bxe7 Qxe7 10.O-O-O Nb6 11.h3 g6 12.Nf3 Be6 13.Kb1 O-O-O 14.Na4 Nxa4 15.Qxa4 Kb8
16.Rc1 Rd6 17.Qb4 Rc8 18.Ne5 Ka8 19.Rc3 f6 20.Nf3 Rc7 21.Rhc1 Ng7 22.Ka1 Bf7
23.Qa4 Be8 24.Qa3 Ne6 25.b4 Rd8 26.Qb2 Kb8  1/2-1/2

[Event "Bundesliga 2000-1"]
[Site "Castrop Rauxel GER"]
[Date "2001.01.27"]
[Round "6"]
[White "Nikolic,Pr"]
[Black "Gallagher,Jo"]
[Result "1-0"]
[WhiteElo "2657"]
[BlackElo "2514"]

1.d4 Nf6 2.c4 g6 3.Nf3 Bg7 4.g3 O-O 5.Bg2 d6 6.O-O Nbd7 7.Nc3 e5 8.e4 a6
9.dxe5 dxe5 10.Qc2 c6 11.h3 b5 12.Be3 Bb7 13.c5 Qc7 14.Rfd1 Rfd8 15.a4 Nf8
16.b4 Ne6 17.Rxd8+ Rxd8 18.axb5 axb5 19.Ra7 Ra8 20.Rxa8+ Bxa8 21.Qa2 Bb7
22.Qa7 Nd7 23.Ne2 Qb8 24.Qa2 Qa8 25.Qd2 Nf6 26.Ng5 Nf8 27.Qd3 Bc8 28.Kh2 Bd7
29.Nf3 Ne8 30.Bd2 Be6 31.Bc3 f6 32.Nd2 Qc8 33.f4 Qd7 34.Qc2 exf4 35.Nxf4 Bf7
36.Nf3 g5 37.Ne2 Ng6 38.Ned4 Ne7 39.Qb2 h6 40.Qa1 Kh7 41.Nd2 Nc7 42.Nf1 f5
43.Nxf5 Nxf5 44.exf5 Bxc3 45.Qxc3 Qxf5 46.Ne3 Qe6 47.Qd3+ Kg8 48.Qd8+ Ne8
49.Ng4 Kf8 50.Qd4 Ng7 51.Ne5 Nf5 52.Qe4 Be8 53.Nxc6 Qxe4 54.Bxe4 Bxc6 55.Bxc6 Nd4
56.Be4 Ke7 57.Kg2 Ke6 58.Kf2 Ke5 59.Ke3 Ne6 60.Kd3 Nc7 61.Bc6 Na6 62.Bxb5 Nxb4+
63.Kc4 Nd5 64.Be8 Nc7 65.Bh5 Ke4 66.Bd1 Ke5 67.Bf3 Ke6 68.Kb4 Kd7 69.Ka5 h5
70.Kb6 h4 71.g4 Ne6 72.Be4 Nc7 73.Bf5+ Kd8 74.Kc6 Ne8 75.Bg6 Nc7 76.Bf7 Na6
77.Kd6 Nc7 78.Bc4  1-0

[Event "Bundesliga 2000-1"]
[Site "Castrop Rauxel GER"]
[Date "2001.01.28"]
[Round "7"]
[White "Rustemov,A"]
[Black "Nikolic,Pr"]
[Result "1/2-1/2"]
[WhiteElo "2534"]
[BlackElo "2657"]

1.d4 d5 2.Nf3 c6 3.c4 Nf6 4.e3 Bf5 5.Nc3 e6 6.Nh4 Bg6 7.Qb3 Qb6 8.Nxg6 hxg6
9.g3 Be7 10.Bg2 O-O 11.O-O Nbd7 12.Rd1 a5 13.Qxb6 Nxb6 14.c5 Nbd7 15.Bd2 b6
16.cxb6 Rfb8 17.Rac1 a4 18.Rc2 Rxb6 19.Ne2 Rab8 20.Bc1 c5 21.dxc5 Nxc5 22.Nc3 Rb4
23.Bf1 Nfd7 24.Rd4 Ne5 25.Rxb4 Rxb4 26.Be2 Ned3 27.Nd1 Nxc1 28.Rxc1 g5 29.Rc2 g6
30.Nc3 Rb8 31.Bb5 Ra8 32.Kf1 Kg7 33.h3 f5 34.Be2 Kf6 35.Nb5 Rb8 36.Kg2 Rb7
37.Rc3 Bf8 38.Ra3 Rb6 39.Rc3 Be7 40.Rc2 Kf7 41.Rc3 Ke8 42.Ra3 Kd7 43.b4 axb3
44.axb3 Rb7 45.Ra8 Bf6 46.b4 Ne4 47.Rg8 Ke7 48.g4 Kf7 49.Ra8 Be7 50.Ra4 f4
51.Bd3 Nd2 52.Ra2 Nc4 53.Bxc4 dxc4 54.Nd4 Bxb4 55.Nc6 Kg7 56.Rc2 fxe3 57.fxe3 c3
58.Kf3 Rb6  1/2-1/2

[Event "Bundesliga 2000-1"]
[Site "Solingen GER"]
[Date "2001.02.17"]
[Round "8"]
[White "Kempinski,R"]
[Black "Nikolic,Pr"]
[Result "1-0"]
[WhiteElo "2522"]
[BlackElo "2657"]

1.d4 e6 2.e3 b6 3.Nf3 Bb7 4.c4 Bb4+ 5.Nbd2 f5 6.Qc2 Nf6 7.d5 exd5 8.Qxf5 O-O
9.Qc2 Kh8 10.a3 Bxd2+ 11.Bxd2 dxc4 12.Bxc4 d5 13.Bd3 Ba6 14.Ng5 Bxd3 15.Qxd3 Qe7
16.Bc3 Nbd7 17.O-O Ne5 18.Qf5 Rae8 19.Rad1 c6 20.Bb4 c5 21.Bc3 Qd6 22.f4 Ng6
23.Qh3 h6 24.f5 Ne5 25.Ne6 Rf7 26.Qg3 Nc4 27.Qg6 Ree7 28.Nxg7 Nxe3 29.Ne6 d4
30.Qxh6+ Kg8 31.Qg5+ Kh8 32.Qxe3 Qxh2+ 33.Kxh2 Ng4+ 34.Kg1 Nxe3 35.Rxd4 cxd4
36.Bxd4+ Kg8 37.Bxe3  1-0

[Event "Dutch Open Blitzchess"]
[Site "Dordrecht NED"]
[Date "2001.02.24"]
[Round "15"]
[White "Nikolic,Pr"]
[Black "Lautier,J"]
[Result "1/2-1/2"]
[WhiteElo "2652"]
[BlackElo "2658"]

1.d4 Nf6 2.Nf3 e6 3.c4 b6 4.g3 Ba6 5.Qa4 Bb7 6.Bg2 c5 7.O-O cxd4 8.Nxd4 Bxg2
9.Kxg2 Qc7 10.Rd1 a6 11.Nc3 Qb7+ 12.f3 Be7 13.Bg5 O-O 14.Ne4 Rc8 15.Bxf6 gxf6
16.g4 Ra7 17.Qb3 Nc6 18.Nxc6 Qxc6 19.Rac1 Qc7 20.Qe3 Kg7 21.Ng3 Kh8 22.Rc3 Qc5
23.Qd2 Qa5 24.a3 Rac7 25.b4 Qg5 26.Qd4 Qe5 27.Qxe5 fxe5 28.Rcd3 d6 29.Ne4 Rxc4
30.Nxd6 Bxd6 31.Rxd6 R8c6 32.Kf2 Kg7 33.Rd7 Rc7 34.Rxc7 Rxc7 35.Rd6 Rc3 36.a4 Ra3
37.Rxb6  1/2-1/2

[Event "Dutch Open Blitzchess"]
[Site "Dordrecht NED"]
[Date "2001.02.24"]
[Round "15"]
[White "Lautier,J"]
[Black "Nikolic,Pr"]
[Result "1-0"]
[WhiteElo "2658"]
[BlackElo "2652"]

1.d4 Nf6 2.c4 e6 3.Nc3 d5 4.cxd5 exd5 5.Bg5 c6 6.e3 Be7 7.Bd3 Nbd7 8.Nge2 O-O
9.Qc2 Re8 10.O-O Nf8 11.f3 Be6 12.Kh1 Rc8 13.Rad1 c5 14.Bb5 N6d7 15.Bxe7 Rxe7
16.Nf4 Nf6 17.dxc5 Rxc5 18.Ba4 Ng6 19.Nxg6 hxg6 20.Qf2 Qc7 21.Rd2 a6 22.Rfd1 b5
23.Bb3 Rd7 24.Qg3 Qb6 25.Qf4 Rc8 26.Qd4 Qc7 27.Qh4 Qb6 28.Qf4 Re8 29.Ne2 a5
30.a3 a4 31.Ba2 Rc7 32.Qd4 Qxd4 33.Nxd4 Bd7 34.Re1 Rxe3 35.Red1 Rb7 36.Nc2 Re5
37.Nb4 Be6 38.Kg1 Rc7 39.Kf2 g5 40.h3 g6 41.Nd3 Rf5 42.Ke3 d4+ 43.Kxd4 Bxa2
44.Nb4 Re7 45.Nxa2 Rd5+ 46.Kc3 Re3+ 47.Kc2 Rc5+ 48.Nc3 Kg7 49.Rd4 Re2+ 50.R1d2 Ree5
51.Kd1 Nh5 52.Ne2 Re6 53.Rd7 Nf4 54.Nxf4 gxf4 55.R7d5 Re5 56.Rxe5 Rxe5 57.Rd4 Rg5
58.Rd2 Kf6 59.Re2 Rd5+ 60.Kc2 Rd4 61.Kc3 Rc4+ 62.Kd3 Kg5 63.Re5+ f5 64.Rxb5 Rc1
65.Rb4 Kh4 66.Rxf4+ Kg3 67.Rxa4 Kxg2 68.Ra6 g5 69.Rg6 Kxf3 70.Rxg5 f4 71.Rf5 Rd1+
72.Kc3 Rd8 73.b4 Ke4 74.Rf7 Rd3+ 75.Kc4 Rxa3 76.h4 Rh3 77.Re7+ Kf3 78.Rh7 Ke3
79.b5 f3 80.Re7+ Kd2 81.Rf7 Rxh4+ 82.Kc5 Rh5+ 83.Kc6 Ke2  1-0

[Event "Bundesliga 2000-1"]
[Site "Neukoelln GER"]
[Date "2001.03.10"]
[Round "10"]
[White "Nikolic,Pr"]
[Black "Bunzmann,D"]
[Result "1-0"]
[WhiteElo "2652"]
[BlackElo "2500"]

1.d4 e6 2.c4 b6 3.a3 f5 4.g3 Bb7 5.d5 b5 6.cxb5 Nf6 7.Bg2 Nxd5 8.Qb3 Qc8
9.Nh3 a6 10.O-O axb5 11.Qxb5 Bd6 12.Qb3 Na6 13.Nd2 O-O 14.Nc4 Be7 15.Bg5 Nc5
16.Qc2 Nf6 17.b4 Be4 18.Bxe4 Ncxe4 19.Bf4 Nd5 20.Be5 Qa6 21.Rfc1 c5 22.Qb2 cxb4
23.axb4 Qb5 24.Bxg7 Rxa1 25.Qxa1 Rc8 26.Bh6 Ndc3 27.Nd2 Bf6 28.Nxe4 fxe4
29.Kg2 e3 30.Qa5 Qb7+ 31.f3 Ra8 32.Qh5 Nxe2 33.Rc4 Nd4 34.Rxd4 e2 35.Rg4+ Kh8
36.Bd2 Rf8 37.Re4  1-0

[Event "Bundesliga 2000-1"]
[Site "Neukoelln GER"]
[Date "2001.03.11"]
[Round "11"]
[White "Paulsen,D"]
[Black "Nikolic,Pr"]
[Result "0-1"]
[WhiteElo "2419"]
[BlackElo "2652"]

1.d4 d5 2.Nf3 c6 3.e3 Bf5 4.Nh4 Bg6 5.Nxg6 hxg6 6.c4 e6 7.Nc3 Nd7 8.e4 dxe4
9.Nxe4 Ngf6 10.Ng5 Qa5+ 11.Bd2 Bb4 12.Bxb4 Qxb4+ 13.Qd2 Qxd2+ 14.Kxd2 c5
15.dxc5 Nxc5 16.Be2 a5 17.Ke3 Ke7 18.Rad1 Nfd7 19.h4 f6 20.Ne4 Nxe4 21.Kxe4 Nc5+
22.Ke3 e5 23.g3 Rad8 24.f4 exf4+ 25.Kxf4 g5+ 26.hxg5 Rxh1 27.gxf6+ Kxf6 28.Rxh1 Rd2
29.Ke3 Rxb2 30.Rf1+ Ke7 31.Bh5 Rxa2 32.Rf7+ Kd6 33.Rxg7 Ra3+ 34.Kf2 a4 35.Be2 Rb3
36.Bf1  0-1

[Event "TCh-SWE"]
[Site "Lunds SWE"]
[Date "2001.03.16"]
[Round "9"]
[White "Nikolic,Pr"]
[Black "Chernin,A"]
[Result "1-0"]
[WhiteElo "2652"]
[BlackElo "2583"]

1.d4 Nf6 2.c4 e6 3.Nf3 d5 4.Nc3 Bb4 5.Bg5 dxc4 6.e4 c5 7.Bxc4 cxd4 8.Nxd4 Bxc3+
9.bxc3 Qa5 10.Nb5 a6 11.Nd6+ Ke7 12.f4 Nc6 13.Qd2 Rd8 14.Rd1 e5 15.Nxc8+ Raxc8
16.Bd5 Qc5 17.Rf1 Rd6 18.c4 Kf8 19.fxe5 Nxe5 20.Be3 Qa3 21.Bd4 Nxe4 22.Qb2 Qxb2
23.Bxb2 Nxc4 24.Rxf7+ Ke8 25.Bxg7 Ne3 26.Rf8+ Kd7 27.Rxc8 Nxd1 28.Bxb7 Nef2
29.Rc2 Nd3+ 30.Ke2 Nf4+ 31.Kf3 Ng6 32.g3  1-0

[Event "Bundesliga 2000-1"]
[Site "Baiertal GER"]
[Date "2001.04.28"]
[Round "14"]
[White "Nikolic,Pr"]
[Black "Berg,E"]
[Result "1/2-1/2"]
[WhiteElo "2652"]
[BlackElo "2474"]

1.d4 f5 2.g3 Nf6 3.Bg2 d6 4.Nf3 g6 5.c3 c6 6.Qb3 e6 7.Bg5 h6 8.Bxf6 Qxf6
9.Nbd2 d5 10.Ne5 Bd6 11.f4 Bxe5 12.fxe5 Qe7 13.c4 b6 14.O-O Bb7 15.Rac1 Na6
16.cxd5 cxd5 17.Qb5+ Qd7 18.Nc4 Qxb5 19.Nd6+ Kd7 20.Nxb5 Bc6 21.Nd6 Nc7 22.e4 dxe4
23.Nxe4 Bxe4 24.Bxe4 Nd5 25.Bxd5 exd5 26.g4 Rac8 27.Rxc8 Rxc8 28.gxf5 gxf5
29.Rxf5 Rc4 30.Rf4 Rc2 31.Rf2 Rc1+ 32.Kg2 Rd1 33.Rf7+ Ke6 34.Rf4 Rd2+ 35.Kf3 Rxb2
36.Rf6+ Ke7 37.Rd6 Rxa2 38.Rxd5 Rb2 39.Rd6 a5 40.Rxh6 a4 41.d5 a3 42.Rh7+ Ke8
43.Ra7 Rb5 44.Rxa3 Rxd5 45.Kf4 Rd2 46.h4 Kf7 47.Rb3 Rh2 48.Kg5 Rg2+ 49.Kh6 Rg6+
50.Kh5 Re6 51.Rb5 Re8 52.Kg5 Rg8+ 53.Kf5 Rh8 54.e6+ Ke7 55.Rb4 Rh6 56.Kg5 Rxe6
57.Rf4 Re5+ 58.Kg4 Re6 59.Kg5 Re5+ 60.Kg6 Re6+ 61.Kg7 Re5 62.Rf7+ Kd6 63.Kg6 Re6+
64.Kg5 Re5+ 65.Kg6  1/2-1/2

[Event "2nd IECC"]
[Site "Ohrid MKD"]
[Date "2001.06.03"]
[Round "3"]
[White "Nikolic,Pr"]
[Black "Nataf,IA"]
[Result "1/2-1/2"]
[WhiteElo "2652"]
[BlackElo "2552"]

1.d4 Nf6 2.Nf3 g6 3.c4 Bg7 4.g3 O-O 5.Bg2 d6 6.O-O Nbd7 7.Nc3 e5 8.e4 exd4
9.Nxd4 Re8 10.h3 a6 11.Rb1 Rb8 12.Re1 Ne5 13.b3 c5 14.Nc2 Be6 15.a4 Nc6 16.Re3 h5
17.Rd3 Qc8 18.Qf1 Nb4 19.Nxb4 cxb4 20.Na2 Bd7 21.Bb2 Nxe4 22.Bxg7 Kxg7 23.Nxb4 Bf5
24.Rbd1 Ng5 25.Rxd6 Nxh3+ 26.Kh2 Qc5 27.Bxh3 Bxh3 28.Kxh3 Qxb4 29.Qd3 Qc5
30.Qf3 Qe5 31.R1d5 Qe4 32.Qf6+ Kg8 33.Kh2 Qe7 34.Qf4 Qe4 35.Qf6 Qe7 36.Qd4 Qe4
37.Qb6 h4 38.Rg5 Kg7 39.Qd4+ Qxd4 40.Rxd4  1/2-1/2

[Event "2nd IECC"]
[Site "Ohrid MKD"]
[Date "2001.06.05"]
[Round "5"]
[White "Nikolic,Pr"]
[Black "Narciso Dublan,M"]
[Result "1-0"]
[WhiteElo "2652"]
[BlackElo "2544"]

1.d4 d5 2.c4 e6 3.Nc3 Be7 4.Nf3 Nf6 5.Bg5 h6 6.Bxf6 Bxf6 7.Qd2 O-O 8.e4 dxe4
9.Nxe4 Nd7 10.O-O-O c5 11.Qe3 Be7 12.Bd3 cxd4 13.Nxd4 Ne5 14.Bc2 Qb6 15.Qc3 Qb4
16.Qxb4 Bxb4 17.c5 f5 18.a3 Bxa3 19.bxa3 fxe4 20.Bxe4 Ng4 21.Rhe1 Nxf2 22.Rd2 Nxe4
23.Rxe4 Bd7 24.Nxe6 Rf7 25.Nd4 Rc8 26.Rc2 Rf5 27.Nxf5 Bxf5 28.Rec4 Bxc2 29.Kxc2 Kf7
30.Kb3 Rc7 31.Kb4 Re7 32.Rc2 Re1 33.Rb2 Kf6 34.a4 Rh1 35.h3 Re1 36.a5 a6
37.Kc4 Re7 38.Rb6+ Kf5 39.c6 bxc6 40.Rxa6 Re5 41.Kb4 Rb5+ 42.Ka4 Rc5 43.Ra7 Kf6
44.a6 h5 45.Rb7 Rc4+ 46.Rb4 Rc1 47.Ka5 Ra1+ 48.Ra4 Re1 49.a7 Re8 50.Kb6 Kg5
51.a8=Q Rxa8 52.Rxa8 Kh4 53.Ra3  1-0

[Event "2nd IECC"]
[Site "Ohrid MKD"]
[Date "2001.06.06"]
[Round "6"]
[White "Gyimesi,Z"]
[Black "Nikolic,Pr"]
[Result "1/2-1/2"]
[WhiteElo "2571"]
[BlackElo "2652"]

1.d4 d5 2.c4 c6 3.Nf3 Nf6 4.Nc3 a6 5.c5 Bf5 6.Bf4 Nbd7 7.e3 e6 8.Be2 Be7
9.h3 O-O 10.O-O h6 11.Rc1 Re8 12.Bg3 Qc8  1/2-1/2

[Event "2nd IECC"]
[Site "Ohrid MKD"]
[Date "2001.06.07"]
[Round "7"]
[White "Nikolic,Pr"]
[Black "Kacheishvili,G"]
[Result "1/2-1/2"]
[WhiteElo "2652"]
[BlackElo "2570"]

1.d4 Nf6 2.c4 e6 3.Nf3 d5 4.Nc3 Bb4 5.Bg5 h6 6.Bxf6 Qxf6 7.Qb3 c5 8.cxd5 exd5
9.e3 O-O 10.dxc5 Bxc3+ 11.bxc3 Be6 12.Nd4 Nd7 13.Qxb7 Nxc5 14.Qb2 Qg5 15.Qc2 Rac8
16.h4 Qe7 17.Bd3 Bd7 18.Rc1 Rc7 19.g3 Ne4  1/2-1/2

[Event "2nd IECC"]
[Site "Ohrid MKD"]
[Date "2001.06.09"]
[Round "8"]
[White "Stefansson,H"]
[Black "Nikolic,Pr"]
[Result "1/2-1/2"]
[WhiteElo "2570"]
[BlackElo "2652"]

1.e4 d6 2.d4 Nf6 3.Nc3 g6 4.f4 Bg7 5.Nf3 O-O 6.Bd3 Nc6 7.O-O e5 8.fxe5 dxe5
9.d5 Nd4 10.Nxe5 Nxd5 11.Nxd5 Bxe5 12.Bf4 Nc6 13.Qd2 Be6 14.Bh6 Bxb2 15.Rab1 Bd4+
16.Kh1 Bxd5 17.exd5 Qxd5 18.Bxf8 Rxf8 19.Bb5 Ne7 20.Be2 Bb6 21.Qxd5 Nxd5
22.Bf3 c6 23.Bxd5 cxd5 24.a4 Rc8 25.a5 Bxa5 26.Rxb7 Rxc2 27.Rbxf7 Rc7 28.Rf8+ Kg7
29.Rd8 Bb4 30.Rxd5  1/2-1/2

[Event "2nd IECC"]
[Site "Ohrid MKD"]
[Date "2001.06.10"]
[Round "9"]
[White "Nikolic,Pr"]
[Black "Istratescu,A"]
[Result "1-0"]
[WhiteElo "2652"]
[BlackElo "2561"]

1.d4 Nf6 2.c4 e6 3.Nf3 b6 4.g3 Ba6 5.Qa4 Bb7 6.Bg2 c5 7.dxc5 Bxc5 8.O-O O-O
9.Nc3 Ne4 10.Qc2 Nxc3 11.Qxc3 d5 12.Rd1 Nd7 13.Bg5 Be7 14.Bxe7 Qxe7 15.cxd5 Bxd5
16.Rac1 Nc5 17.Ne5 Bxg2 18.Kxg2 a5 19.Qf3 Rac8 20.h4 f6 21.Nc4 Qc7 22.Nd6 Rcd8
23.Nb5 Qe5 24.Nc3 f5 25.Qc6 Qb8 26.Rxd8 Rxd8 27.Rd1 Rxd1 28.Nxd1 Qb7 29.Qxb7 Nxb7
30.Kf3 Nd6 31.Kf4 Kf7 32.Ke5 Ke7 33.Ne3 Ne4 34.g4 Nxf2 35.gxf5 exf5 36.Nd5+ Kf7
37.Nxb6 Kg6 38.Nc4 Kh5 39.Nxa5 Kxh4 40.b4 g5 41.Nc4 Ne4 42.a4 Nc3 43.a5 g4
44.a6 Nb5 45.Kxf5 g3 46.Ne3 Kh3 47.Kg5 Na7 48.Nd5 Kg2 49.Nf4+ Kf2 50.e4 Kf3
51.e5 h6+ 52.Kf5 Nb5 53.Nh3 g2 54.e6 Kg3 55.Ng1 Kf2 56.e7 Kxg1 57.a7 Kf2
58.a8=Q g1=Q 59.Qa2+  1-0

[Event "2nd IECC"]
[Site "Ohrid MKD"]
[Date "2001.06.11"]
[Round "10"]
[White "Anastasian,A"]
[Black "Nikolic,Pr"]
[Result "1-0"]
[WhiteElo "2574"]
[BlackElo "2652"]

1.d4 d5 2.c4 dxc4 3.e4 Nf6 4.e5 Nd5 5.Bxc4 Nb6 6.Bb3 Bf5 7.Nc3 e6 8.Nf3 Nc6
9.Be3 Qd7 10.O-O Be7 11.Rc1 O-O-O 12.Qe2 Kb8 13.Rfd1 Nb4 14.Bg5 h6 15.Bxe7 Qxe7
16.Ne4 Bxe4 17.Qxe4 Rd7 18.a3 Na6 19.Nd2 Ka8 20.Nc4 Nxc4 21.Bxc4 Nb8 22.b4 Rhd8
23.Bb5 c6 24.Bc4 Rc7 25.g3 Nd7 26.Qh7 Qf8 27.Qe4 Nb6 28.Bb3 Rcd7 29.h4 Nd5
30.Bxd5 Rxd5 31.Rc5 a6 32.Rc3 R8d7 33.Rf3 Qg8 34.Kg2 h5 35.Rdd3 Ka7 36.Rf4 Qd8
37.Rdf3 Rxd4 38.Qe3 c5 39.Rxf7 Rxf7 40.Rxf7 Qd5+ 41.Kh2 g6 42.Rf3 Kb6 43.bxc5+ Kc6
44.Qb3 Qxb3 45.Rxb3 Ra4 46.f4 a5 47.Rb6+ Kxc5 48.Rxe6 Rxa3 49.Rxg6 a4 50.e6 Re3
51.Rg5+ Kb6 52.Rxh5 Rxe6 53.Rd5 Kc7 54.f5 Rd6 55.Rc5+ Rc6 56.Rxc6+ Kxc6 57.h5 a3
58.f6 Kd7 59.h6 a2 60.h7 a1=Q 61.h8=Q Qa2+ 62.Kh3 Qe6+ 63.g4 Qe3+ 64.Kh4 Qe1+
65.Kg5 Qe5+ 66.Kh6 Qf4+ 67.Kh7 Qe4+ 68.Kg8 Qe6+ 69.Kf8 b5 70.g5 b4 71.Qh7+ Kc6
72.Qe7 Qg4 73.f7 b3 74.Qf6+ Kb5 75.Kg7 Qd7 76.Qe5+ Kc4 77.Kg8  1-0

[Event "ECC"]
[Site "Panormo GRE"]
[Date "2001.09.23"]
[Round "1"]
[White "Bator,R"]
[Black "Nikolic,Pr"]
[Result "1/2-1/2"]
[WhiteElo "2403"]
[BlackElo "2652"]

1.d4 Nf6 2.Nf3 e6 3.c4 b6 4.a3 Bb7 5.Nc3 g6 6.Qc2 Bxf3 7.exf3 Bg7 8.Be3 d5
9.O-O-O c6 10.g4 Nbd7 11.h4 h5 12.cxd5 Nxd5 13.Bg5 Bh6 14.Ne4 hxg4 15.Ba6 Qc7
16.fxg4 Bxg5+ 17.Nxg5 N7f6 18.Kb1 Kf8 19.Be2 Rc8 20.Ka1 Qf4 21.Nh3 Qd6 22.Ng5 a5
23.h5 gxh5 24.gxh5 Ke7 25.Rdg1 Qf4 26.Ba6 Rcg8 27.Nh3 Rxg1+ 28.Rxg1 Qh2 29.Bf1 Rxh5
30.Rg7 Qh1 31.Rg1 Qe4 32.Qxc6 Qxd4 33.Qb7+ Nd7 34.Bb5 Nf6 35.Bxd7 Qxd7 36.Qf3 Qd5
37.Qg3 Qc6 38.Ng5 Rh1 39.f3 Rxg1+ 40.Qxg1 a4 41.Qg3 Qc1+ 42.Ka2 Qc4+ 43.Ka1 b5
44.Qg1 Qd5 45.Qg3 Qd4 46.Qe1 Qf4 47.Qg1 Nd7 48.Ne4 Kf8 49.Qh1 Nb6 50.Qh8+ Ke7
51.Qc3 Nd7 52.Qb4+ Kd8 53.Qa5+ Ke7 54.Qb4+ Kd8 55.Qa5+ Ke7  1/2-1/2